Statistics for English Football Teams Starting With 'S'

Click here to take the quiz!

General Stats

  • This quiz has been taken 39 times
  • The average score is 9 of 12

Answer Stats

Answer% Correct
Southampton
97%
Sheffield United
94%
Sheffield Wednesday
94%
Sunderland
94%
Swindon Town
91%
Stoke City
86%
Swansea City
83%
Scunthorpe United
74%
Southend United
69%
Shrewsbury
57%
Stevenage
51%
Salford City
29%

Score Distribution

Percentile by Number Answered

Percent of People with Each Score

Your Score History

You have not taken this quiz